000 00483nam a22001937a 4500
003 NUST - PNEC
005 20170116180825.0
008 150701b xxu||||| |||| 00| 0 eng d
020 _a9698693017
040 _cLIBRARY
082 _a355.954 MAH
100 _94297
_aMuhmud, Ahmed
245 _aHistory of indo-pak war-1965
_cMuhmud Ahmed
250 _a-
260 _aKarachi
_bservices Book Club
_cc2006.
300 _a638 p. :
650 _94298
_aWar
_xMIS
942 _2ddc
_cBK
999 _c63848
_d63848